Villes par films n°1 - Statistiques

Statistiques générales
  • Ce quiz a été pris 69 fois
    68 depuis la dernière actualisation
  • Le résultat moyen est 8 sur 20
Statistiques - réponses
Film Ville % Correct
Allemagne année zéro Berlin
95%
Le diable probablement Paris
85%
Empire New York
79%
Le Lys Brisé Londres
69%
L'Arche Russe Saint-Pétersbourg
67%
Nuages flottants Tokyo
62%
Sueurs froides San Francisco
54%
Los Olvidados Mexico
52%
En construction Barcelone
44%
Les Neiges du Kilimandjaro Marseille
41%
Dans la chambre de Vanda Lisbonne
34%
Le Cuirassé Potemkine Odessa
30%
Jeux dangereux Varsovie
23%
Les Musiciens de Gion Kyoto
21%
Une chambre en ville Nantes
18%
Close-up Téhéran
18%
Xala Dakar
10%
Amarcord Rimini
8%
I Don't Want to Sleep Alone Kuala Lumpur
5%
One Way Boogie Woogie Milwaukee
5%
Aucun quiz correspondant
Distribution des résultats
% des personnes avec chaque résultat
Percentile par nombre de réponses
Votre historique - résultats
Vous n’avez pas pris ce quiz depuis la dernière actualisation